| 000 | 00784nam a2200229Ia 4500 | ||
|---|---|---|---|
| 005 | 20220824111649.0 | ||
| 008 | 210716s2009 xx 000 0 und d | ||
| 020 | _a9780070583528 | ||
| 040 | _cAIMIT LIBRARY | ||
| 041 | _aeng | ||
| 082 |
_a005.30287 _21 _bRAJR |
||
| 100 |
_aRajani, Renu. _955327 |
||
| 245 |
_aSoftware testing : _beffective methods tools and techniques / _cBy Renu Rajani and Pradeep Oak, |
||
| 250 | _a1 | ||
| 260 |
_a :New Delhi : _bTata McGraw Hill Publishing Company Ltd , _c2009. |
||
| 300 |
_axxi,311 p,;24.5 cm. _c24.5 cm. |
||
| 650 |
_aSoftware test design techniques _955328 |
||
| 650 |
_aBuilding an effective test organisatgions _955329 |
||
| 650 |
_aValidating mission _955330 |
||
| 700 |
_aOak, Pradeep. _955331 |
||
| 942 |
_2ddc _cBK _k005.30287 RAJR |
||
| 999 |
_c190462 _d190462 |
||